Octavio Paz: in memoriam

La búsqueda de lo poético, historicidad, la metafísica del ser, Octavio Paz: El poeta, ensayista, poeta

Salvato in:
Dettagli Bibliografici
Autore principale: Botero Duque, William
Natura: Sconosciuto
Pubblicazione: Colombia: Universidad de Medellin,
Soggetti:
Tags: Aggiungi Tag
Nessun Tag, puoi essere il primo ad aggiungerne!!

MARC

LEADER 000000000a22000000004500
001 000143
022 |a 0122-9184 
100 1 |a Botero Duque, William 
245 1 0 |a Octavio Paz: in memoriam 
260 |a Colombia:   |b Universidad de Medellin, 
310 |a semestral 
520 |a La búsqueda de lo poético, historicidad, la metafísica del ser, Octavio Paz: El poeta, ensayista, poeta 
650 4 |a PAZ, OCTAVIO, 1914-1998 
650 4 |a POESIA 
650 4 |a LITERATURA MEXICANA 
773 0 |t Con-Textos: Revista de Semiótica Literaria 
773 0 |g 6 
773 0 |g 22 
773 0 |g 1998 
773 0 |g 18-27 
999 |c 922  |d 922